Logo BPK

Biblioteka

Politechniki Koszalińskiej

Media w służbie osoby : (Rekord nr 39845)

Szczegóły MARC
000 -ETYKIETA REKORDU
podpole kontrolne o stałej długości 00621nam a2200217 i 4500
001 - NUMER KONTROLNY REKORDU
pole kontrolne bg
020 ## - MIĘDZYNARODOWY ZNORMALIZOWANY NUMER KSIĄŻKI - ISBN
ISBN 8371745141
040 ## - ŹRÓDŁO KATALOGOWANIA
Instytucja, która utworzyła rekord BPK
041 0# - KOD JĘZYKA
Kod języka tekstu pl
Kod języka streszczenia lub abstraktu de
080 ## - UNIWERSALNA KLASYFIKACJA DZIESIĘTNA - UKD
UKD 659.3+004.738.5:179
920 ## - Międzynarodowy znormalizowany numer książki – ISBN
ISBN 83-7174-514-1
008 - POLE O STAŁEJ DŁUGOŚCI - DANE KONTROLNE
podpole kontrolne o stałej długości s pl f |000 0 pol
100 1# - NAZWA OSOBOWA
Nazwa osobowa SAREŁO, Zbigniew
Daty związane z nazwą (1949- )
245 10 - TYTUŁ/ODPOWIEDZIALNOŚĆ
Tytuł Media w służbie osoby :
Ciąg dalszy tytułu etyka społecznego komunikowania /
Pozostałe elementy strefy tytułu i oznaczenia odpowiedzialności Zbigniew Sareło.
260 ## - STREFA ADRESU WYDAWNICZEGO
Miejsce wydania Toruń :
Nazwa wydawcy/dystrybutora Wydaw. Adam Marszałek,
Data publikacji, dystrybucji/powstania dokumentu 2000.
300 ## - STREFA OPISU FIZYCZNEGO
Objętość 198, [4] s. ;
Rozmiary 20 cm.
500 ## - UWAGI OGÓLNE
Tekst uwagi Streszcz. niem.
504 ## - UWAGA DOTYCZĄCA BIBLIOGRAFII
Informacje o bibliografii Bibliogr.
650 #9 - HASŁO PRZEDMIOTOWE W FORMIE NAZWY OGÓLNEJ LUB JEDNOSTKOWEJ
Nazwa ogólna lub geograficzna Środki masowego przekazu
Określnik ogólny etyka
856 ## - LOKALIZACJA I DOSTĘP DO ELEKTRONICZNYCH DOKUMENTÓW ZDALNYCH
Link (URL) http://koha.tu.koszalin.pl/cgi-bin/koha/opac-detail.pl?biblionumber=39845
Tekst linku Katalog online BPK
942 ## - DODATKOWE ELEMENTY (KOHA)
Typ dokumentu Książka
Egzemplarze
Wycofany Status egzemplarza Uszkodzony Dostępność Lokalizacja stała Lokalizacja bieżąca Miejsce przechowywania Sygnatura Kod kreskowy Typ dokumentu
      Dostępny Biblioteka Politechniki Koszalińskiej Biblioteka Politechniki Koszalińskiej Wypożyczalnia BG 59655 01573886 Książka
© 2023 Biblioteka Politechniki Koszalińskiej :: KOHA